BHAGAVADGLTA WITH SRI RAMANUJA BHASHYA ENDOWEDNWITH EXHAUSTIVE VISJHAD A COMMENTARY (Record no. 135396)

MARC details
000 -LEADER
fixed length control field 00519nam a22001817a 4500
003 - CONTROL NUMBER IDENTIFIER
control field OSt
005 - DATE AND TIME OF LATEST TRANSACTION
control field 20230103151055.0
008 - FIXED-LENGTH DATA ELEMENTS--GENERAL INFORMATION
fixed length control field 230103b |||||||| |||| 00| 0 eng d
040 ## - CATALOGING SOURCE
Transcribing agency SBCL
082 ## - DEWEY DECIMAL CLASSIFICATION NUMBER
Classification number 294.5924
Item number KRI-B
100 ## - MAIN ENTRY--PERSONAL NAME
Personal name KRISHNAMACHAR,P
245 ## - TITLE STATEMENT
Title BHAGAVADGLTA WITH SRI RAMANUJA BHASHYA ENDOWEDNWITH EXHAUSTIVE VISJHAD A COMMENTARY
260 ## - PUBLICATION, DISTRIBUTION, ETC.
Place of publication, distribution, etc. BENGALURU
Name of publisher, distributor, etc. KRISHNAMACHAR
Date of publication, distribution, etc. 2018
300 ## - PHYSICAL DESCRIPTION
Extent 490p.
630 ## - SUBJECT ADDED ENTRY--UNIFORM TITLE
General subdivision PGR
650 ## - SUBJECT ADDED ENTRY--TOPICAL TERM
Topical term or geographic name entry element Other religions
942 ## - ADDED ENTRY ELEMENTS (KOHA)
Koha item type BOOK
650 ## - SUBJECT ADDED ENTRY--TOPICAL TERM
Source of heading or term Religion
Form subdivision Religions of Indic origin
Holdings
Withdrawn status Lost status Source of classification or shelving scheme Damaged status Not for loan Home library Current library Date acquired Cost, normal purchase price Total Checkouts Full call number Barcode Shelving location Date last seen Price effective from Koha item type
    Dewey Decimal Classification     SB LIBRARY SB LIBRARY 03/01/2023 1000.00   294.5924 KRI-B 141843 POST GRADUATE REFERENCE 03/01/2023 03/01/2023 BOOK

Powered by Koha